00374nam a2200109Ia 4500082001500000245002800015100005800043942000700101008004100108999001900149952009600168 aLP EF ANDR 0aThe end of the rainbow  a ANDREWS, Virginia Bath, 2001 LARGE PRINT 952697 cBK210817s9999 xx 000 0 und d c167651d167650 00104070aEVANLbEVANLd2021-08-18g313.00l0p33228011824750r2021-08-18w2021-08-18yBK